000 00804cam a2200229 4500
001 ABS63621
008 000000n2001 000 0 eng u
035 _a(Sirsi) u111624
245 _aGoing going gone
260 _c2001
490 _aWhich?
_vMarch 2001, 52-54(3)
520 _aSets out recommendations for successful bidding at auctions including choosing auction houses affiliated to organisations such as the RICS, sale of goods issues bidding tips. Emphasises the professional status of chartered surveyors in the auction and fine arts markets.
590 _aABS
650 _aAuctioneering
_96218
650 _aBIDDING
650 _aSALE OF GOODS
650 _aAUCTION HOUSES
650 _aBUYER BEWARE
650 _aABOUT RICS
690 _aArts and antiques
_96217
942 _n0
999 _c66512
_d66512